Annual Report 1994 Federal Reserve Bank of Chicago Focusing on the Future
Na minha lista:
| Formato: | Livro |
|---|---|
| Idioma: | inglês |
| Publicado em: |
Chicago
Federal Reserve Bank of Chicago
1995
|
| Edição: | 1. ed. |
| Assuntos: | |
| Tags: |
Sem tags, seja o primeiro a adicionar uma tag!
|
MARC
| LEADER | 00000nam a2200000 4500 | ||
|---|---|---|---|
| 001 | c012049 | ||
| 005 | 20221214070717.4 | ||
| 041 | 0 | |a eng | |
| 044 | |a US | ||
| 245 | 1 | 0 | |a Annual Report 1994 Federal Reserve Bank of Chicago |b Focusing on the Future |
| 250 | |a 1. ed. | ||
| 264 | 1 | |a Chicago |b Federal Reserve Bank of Chicago |c 1995 | |
| 300 | |a 24 s. | ||
| 610 | 2 | 0 | |a banky centrálne |
| 610 | 2 | 0 | |a USA |